| 000 | 01046mam a2200217 a 4500 | ||
|---|---|---|---|
| 020 | _a0838908373 | ||
| 082 | 0 | 0 |
_a025.82 _bKAH _cM-38 , P-115 |
| 100 | 1 |
_aKahn, Miriam _936340 |
|
| 245 | 1 | 0 |
_aDisaster response and planning for libraries / _cMiriam B. Kahn. |
| 250 | _a1st ed. | ||
| 260 |
_aDelhi : _bIndiana, _c2009. |
||
| 300 |
_axi, 152 p. ; _c28 cm. |
||
| 520 | 1 | _a"This is a one-stop instruction manual for writing a disaster plan the covers all the bases - response, recovery, prevention, and planning. Easy to read and for all types and all sizes of libraries, Disaster Response and Planning for Libraries is a Loaded toolbox that will be ready should disaster strike."--BOOK JACKET. | |
| 526 |
_a0 _b0 _c0 _d025_820000000000000_KAH |
||
| 650 | 0 |
_aLibraries _xSafety measures _xPlanning. _936341 |
|
| 650 | 0 |
_aLibraries _xSafety measures. _936342 |
|
| 650 | 0 |
_aLibrary materials _xConservation and restoration _xPlanning. _936343 |
|
| 650 | 0 |
_aLibrary materials _xConservation and restoration. _936344 |
|
| 650 | 0 |
_aMCE _9379 |
|
| 942 |
_2ddc _cBK |
||
| 999 |
_c541453 _d541453 |
||